|
|
|
|
| LEADER |
00000nab a2200000 a 4500 |
| 001 |
vtls000812196 |
| 003 |
SK-MaSNL |
| 005 |
20260302165324.0 |
| 008 |
180206c2002 xo 0 slo |
| 015 |
|
|
|a SNBRB2002/11-34273
|
| 035 |
|
|
|a CLN000163851
|
| 040 |
|
|
|a SNKBUCL
|b slo
|c SNKBUCL
|e AACR2
|
| 041 |
0 |
|
|a slo
|
| 044 |
|
|
|a xo
|c SK
|
| 080 |
|
|
|a 614.88(437.6)
|2 UDC-MRF-SK2
|
| 100 |
1 |
|
|a Stehlík, Milan
|4 aut
|9 5809
|
| 245 |
1 |
0 |
|a Horskí záchranári zjednotení
|b legenda slovenského horolezectva Ivan Gálfy na dôchodku neodpočíva
|c Milan Stehlík
|
| 300 |
|
|
|b Fotogr.
|
| 610 |
1 |
7 |
|a Horská záchranná služba (Vysoké Tatry, Slovensko)
|2 snkbucl
|9 55573
|
| 655 |
|
7 |
|a články z novín a časopisov
|2 snkbucl
|9 267496
|
| 773 |
0 |
|
|x 1335-468X
|t Slovo. Politicko-spoločenský týždenník
|g Roč. 4, č. 33 (2002), s. 19
|
| 850 |
|
|
|a Slovenská národná knižnica v Martine
|
| 852 |
|
|
|a SNK
|b KIS3GCP
|
| 958 |
|
|
|a RBX
|
| 999 |
|
|
|c 1389596
|d 1391526
|